000 00708pam a2200229 a 4500
005 20200104041736.0
008 860107s1986 caua b 001 0 eng
020 _a0865423164 :
_c$19.95 (est.)
020 _z0865423144 (cover)
040 _aDLC
_cDLC
_dDLC
041 0 _aeng
043 _aw------
_ad------
082 0 4 _a577
_bD45e
100 1 _aDeshmukh, Lan
_954402
245 1 0 _aEcology and tropical biology /
_cLan Deshmukh.
260 _aPalo Alto, Calif. :
_bBlackwell Scientific Publications,
_c1986.
300 _axii, 387 páginas :
_bill. ;
_c24 cm.
504 _aIncluye referencias bibliográficas e índice.
650 1 4 _aEcología
_992250
650 2 4 _aBiología
_992
942 _2ddc
_cLIBRO
999 _c18022
_d18022